Ring Theory : Proceeding of the Oklahoma Conference
Đã lưu trong:
| Formáid: | Sách giấy |
|---|---|
| Teanga: | English |
| Foilsithe: |
New York :
Marcel Dekker ,
1974
|
| Clibeanna: |
Cuir Clib Leis
Gan Chlibeanna, Bí ar an gcéad duine leis an taifead seo a chlibeáil!
|
| Thư viện lưu trữ: | Thư viện Trường Đại học Đà Lạt |
|---|
| LEADER | 00530nam a2200229 4500 | ||
|---|---|---|---|
| 001 | DLU020011322 | ||
| 005 | ##1/6/2000 | ||
| 041 | # | # | |a eng |
| 082 | # | # | |a 512.4 |b Rin |
| 090 | # | # | |a 512.4 |b Rin |
| 245 | # | # | |a Ring Theory : |b Proceeding of the Oklahoma Conference |
| 260 | # | # | |a New York : |b Marcel Dekker , |c 1974 |
| 300 | # | # | |a X, 295 tr.; |c 25 cm. |
| 992 | # | # | |a 8000 |
| 994 | # | # | |a DLU |
| 900 | # | # | |a False |
| 911 | # | # | |a Administrator |
| 925 | # | # | |a G |
| 926 | # | # | |a A |
| 927 | # | # | |a SH |
| 980 | # | # | |a Thư viện Trường Đại học Đà Lạt |